Statistics for British RAF Ranks

Click here to take the quiz!

General Stats

  • This quiz has been taken 49 times
  • The average score is 13 of 24

Answer Stats

HintAnswer% Correct
OF-8Air marshal
81%
OF-5Group captain
81%
OF-4Wing commander
81%
OF-1Pilot officer
78%
OR-4Corporal
75%
OF-1Flying officer
75%
OF-3Squadron leader
72%
OR-5/6Sergeant
69%
OF-6Air commodore
67%
OF-7Air vice-marshal
64%
OF-2Flight lieutenant
64%
OR-7Flight Sergeant
64%
OF-9Air chief marshal
56%
OR-9Warrant Officer
56%
OR-3Lance Corporal
50%
OR-1Aircraftman
42%
OR-2Senior Aircraftman
36%
OR-7Chief Technician
31%
OR-7Flight Sergeant Aircrew
31%
OR-2Leading Aircraftman
31%
OF-10Marshal of the Royal Air Force
28%
OR-5/6Sergeant Aircrew
28%
OR-9Master Aircrew
22%
OR-2Senior Aircraftman (Technician)
22%

Score Distribution

Percentile by Number Answered

Percent of People with Each Score

Your Score History

You have not taken this quiz